Score 0/26 Timer 04:00
0 Plays Today
Clue Word % Correct
Pig meatPORK
95.5%
Former Vice President CheneyDICK
91.9%
12 inchesFOOT
90.6%
Opposite of evilGOOD
90.1%
Finished; completeDONE
89.1%
Land a boat; space between piersDOCK
89.1%
Rainy day footwearBOOT
88.8%
Product from sheepWOOL
88.3%
The guy who almost ran me over while textingDORK
86.2%
The guy who almost ran me over while textingFOOL
84.1%
Dog greetingWOOF
83.9%
Eat a mealDINE
80.8%
Nice side benefit from a jobPERK
79.8%
Clue Word % Correct
The guy who almost ran me over while textingGOOF
79.7%
Nearly naked - scantily ____CLAD
79.3%
The guy who almost ran me over while textingJERK
76.9%
ElatedGLAD
76.7%
To egg onGOAD
75.5%
Coagulated bloodCLOT
74.8%
A drop shotDINK
73.8%
The guy who almost ran me over while textingCLOD
66.8%
To hand out, or UK welfareDOLE
66.1%
Young male horseCOLT
65.8%
The guy who almost ran me over while textingDOLT
59.2%
A waterbird or a dotty old seniorCOOT
58.7%
The guy who almost ran me over while textingBOOR
41.1%

Today's Daily Dose

Quick Pick
Colorful Movies

Get the Picture
Dog Breeds II

Remove Ads.
Support Sporcle.
Get the best of Sporcle when you Go Orange. This ad-free experience offers more features, more stats, and more fun while also helping to support Sporcle. Thank you for becoming a member.

You're not logged in!

Compare scores with friends on all Sporcle quizzes.
OR
Log In

Show Comments

Extras

Top Quizzes Today


Score Distribution

Your Account Isn't Verified!

In order to create a playlist on Sporcle, you need to verify the email address you used during registration. Go to your Sporcle Settings to finish the process.

Report this User

Report this user for behavior that violates our Community Guidelines.

Details: